00687nam a2200241 a 4500001001300000003000900013005001700022008004100039020002300080082001600103100001700119245002400136260002800160300000900188500003500197505001000232650002500242700001700267902000800284942000700292952012900299999001700428nice12345678IN_TiNIC20260116014217.0050524s2004 dela grp 000 0 eng  a8178297 c30000a001.42bOLI aOliver, Paul aWriting Your Thesis aDelhi bSage Pub c2004 a197p aincludes index and biblioraphy2 aNotes aResearch Methodology1 aOliver, Paul bSRS cBK 001040708StackRoom-aHMIbHMId2011-02-04g300.00l1o001.42 OLIp020894r2022-11-29s2022-10-31v300.00w2005-05-24yBK c14338d14338